| 000 | 00760nam a2200253 a 4500 | ||
|---|---|---|---|
| 001 | adlib96000001 | ||
| 003 | ViArRB | ||
| 005 | 200902210153555.7 | ||
| 008 | 960221s1955 dcuabcdjdbkoqu001 0deng d | ||
| 020 | _a0-06-019459-6 | ||
| 022 | _a | ||
| 040 | _aAdlib | ||
| 082 | _a524 | ||
| 245 | _aDon't know much about the Universe: everything you need to know about outer space but never barned | ||
| 250 | _a | ||
| 260 |
_aNew York _bHarper Collins _c2002 |
||
| 300 |
_axxvi, 352p. _c |
||
| 500 | _a | ||
| 100 |
_aDavis, Kenneth C. _e |
||
| 700 |
_a _a |
||
| 942 | _cBK | ||
| 653 |
_aCosmology _athe universe _aUniverse _aAstronomy |
||
| 952 |
_w2010-06-16 _p00052003 _r2011-11-02 _40 _00 _bUL _10 _o524 DAV _d2010-06-16 _70 _yBK _s2011-10-03 _l6 _aUL |
||
| 999 |
_c48253 _d48252 |
||